000 00301nam a2200121Ia 4500
005 20251222155043.0
008 251222s9999||||xx |||||||||||||| ||spa||
082 _aGIN.21.1-2/Ej.2
100 _aC.M. San Bartolomé
245 0 _aAvances en medicina materno perinatal
264 _bMinsa
942 _cLIB
999 _c36992
_d36992